| 000 | 00670nam a2200205 a 4500 | ||
|---|---|---|---|
| 003 | BD-JhCC | ||
| 005 | 20230606115119.0 | ||
| 008 | 230606s2012 b a|||| |||| 000 0 b d | ||
| 020 | _a9847010503791 | ||
| 035 | _a(BD-JhCC) | ||
| 040 |
_aBD-JhCC _dBD-JhCC |
||
| 041 | _aBangla and English | ||
| 082 |
_a582.13095492 _bTAH 2012 |
||
| 100 | _aতাহের, এম এ | ||
| 245 |
_aবাংলাদেশের ফুল / _cএম এ তাহের |
||
| 260 |
_aঢাকা : _bঅনন্যা, _c২০১২ |
||
| 300 |
_a২০৭ পৃ. : _bরঙিন পৃষ্টা; _c২১ সেমি. |
||
| 650 |
_aFlowers _zBangladesh |
||
| 942 |
_2ddc _cREF |
||
| 999 |
_c12958 _d12958 |
||